[Event "ISR-ch U08/18"]
[Site "Savyon"]
[Date "2022.04.12"]
[Round "6"]
[White "Fudim, Basya"]
[Black "Laikind, Koral"]
[Result "1-0"]
[WhiteElo "1517"]
[BlackElo "1179"]
[PlyCount "89"]
[EventDate "2022.04.06"]
[EventType "swiss"]
[EventRounds "9"]
[EventCountry "ISR"]
[SourceTitle "EXT 2023"]
[Source "ChessBase"]
[SourceDate "2022.10.05"]
[SourceVersion "1"]
[SourceVersionDate "2022.10.05"]
[SourceQuality "1"]

1. d4 Nf6 2. Bf4 e6 3. Nf3 b6 4. e3 Bb7 5. c3 d6 6. Be2 Be7 7. h3 0-0 8. Nbd2 c5 9. 0-0 Nc6 10. Re1 Rc8 11. a3 Nh5 12. Bh2 g6 13. Qb1 f5 14. Bd3 Kh8 15. e4 f4 16. d5 exd5 17. exd5 Nb8 18. c4 Bf6 19. Ne4 b5 20. Nxf6 Rxf6 21. b3 Nd7 22. a4 a6 23. Qb2 Ng7 24. Re2 Qf8 25. Rae1 Re8 26. Rxe8 Nxe8 27. Bxf4 Kg8 28. Bg3 Ng7 29. Ng5 h6 30. Ne4 g5 31. Nxf6+ Nxf6 32. Bg6 Ba8 33. Re3 Ngh5 34. Bxh5 Nxh5 35. Qe2 Ng7 36. Rf3 Qd8 37. Qe4 Bb7 38. Qg6 Qe8 39. Qxd6 bxc4 40. bxc4 Bc8 41. Qxh6 Bd7 42. Qxg5 Bxa4 43. Be5 Qd7 44. Rg3 Bb3 45. Rxb3 1-0

[Event "ISR-ch U08/18"]
[Site "Savyon"]
[Date "2022.04.10"]
[Round "3"]
[White "Kochavi, Dana"]
[Black "Fudim, Basya"]
[Result "1-0"]
[WhiteElo "1794"]
[BlackElo "1517"]
[PlyCount "145"]
[EventDate "2022.04.06"]
[EventType "swiss"]
[EventRounds "9"]
[EventCountry "ISR"]
[SourceTitle "EXT 2023"]
[Source "ChessBase"]
[SourceDate "2022.10.05"]
[SourceVersion "1"]
[SourceVersionDate "2022.10.05"]
[SourceQuality "1"]

1. e4 e6 2. d4 d5 3. Nd2 c5 4. exd5 exd5 5. Ngf3 Nf6 6. Bb5+ Bd7 7. Bxd7+ Nbxd7 8. 0-0 Be7 9. dxc5 Nxc5 10. Nb3 Nce4 11. Nfd4 Qd7 12. c3 0-0 13. Bf4 Rac8 14. Nc2 Rfd8 15. Qe2 Bd6 16. Bxd6 Nxd6 17. Nb4 Nc4 18. Nd3 Re8 19. Qc2 Rc6 20. Nd4 Rc7 21. a4 a6 22. Rfe1 Qc8 23. Rad1 Rce7 24. Rxe7 Rxe7 25. Nf4 Re4 26. Nxd5 Qe8 27. Nxf6+ gxf6 28. h3 Nd6 29. b3 Re5 30. Nf3 Re6 31. Rd4 Kh8 32. Qd3 Qb8 33. Rh4 Qg8 34. Rd4 Qb8 35. c4 b6 36. b4 Qc7 37. Rh4 f5 38. Rd4 Kg7 39. Qc3 Kg8 40. g3 Qc6 41. b5 axb5 42. axb5 Qb7 43. Kg2 Qc7 44. Qd3 Kg7 45. Kh2 Kg8 46. Nd2 Kg7 47. Qc3 Kg8 48. Qf3 Qc8 49. Qf4 Qf8 50. Nf3 Rh6 51. Nh4 Rf6 52. Rd5 Rh6 53. Qg5+ Qg7 54. Qxg7+ Kxg7 55. Rxd6 Rf6 56. Rxf6 Kxf6 57. f4 Ke6 58. Kg2 h5 59. Kf3 Kf6 60. Ke3 Ke6 61. Kd4 Kf6 62. c5 bxc5+ 63. Kxc5 Ke6 64. Kc6 Kf6 65. b6 Ke6 66. b7 Kf6 67. b8Q Kg7 68. Nxf5+ Kg6 69. Nh4+ Kg7 70. Qe5+ f6 71. Qe7+ Kg8 72. Nf5 Kh8 73. Qg7# 1-0

[Event "Netanya op"]
[Site "Netanya"]
[Date "2019.06.25"]
[Round "3"]
[White "Freidles, Victor"]
[Black "Fudim, Basya"]
[Result "1-0"]
[WhiteElo "2040"]
[BlackElo "1346"]
[PlyCount "69"]
[EventDate "2019.06.23"]
[EventType "swiss"]
[EventRounds "9"]
[EventCountry "ISR"]
[SourceTitle "CBM 191 Extra"]
[Source "ChessBase"]
[SourceDate "2019.09.30"]
[SourceVersion "1"]
[SourceVersionDate "2019.09.30"]
[SourceQuality "1"]

1. e4 e6 2. d4 d5 3. exd5 exd5 4. Nf3 Nf6 5. Bd3 Be7 6. Bg5 0-0 7. Nbd2 c5 8. c3 Nc6 9. 0-0 Bg4 10. dxc5 Bxc5 11. h3 Bh5 12. Qc2 Bg6 13. Nb3 Bb6 14. Rad1 Qd6 15. Bxg6 fxg6 16. Nbd4 Ne4 17. Bh4 Rae8 18. Rfe1 Nxd4 19. cxd4 Bc7 20. Ne5 g5 21. Bg3 Nxg3 22. fxg3 Bb6 23. Kh2 Re6 24. Nf3 g4 25. Ng5 Rh6 26. Rf1 gxh3 27. Rxf8+ Kxf8 28. Nxh3 Qd8 29. Re1 Bc7 30. Qa4 Kf7 31. Rf1+ Kg8 32. Re1 Kf7 33. Qb3 Qd6 34. Qe3 Re6 35. Ng5+ 1-0